Encyclopaedia of Indian economy: (Record no. 16043)

MARC details
000 -LEADER
fixed length control field 00994nam a22002537a 4500
005 - DATE AND TIME OF LATEST TRANSACTION
control field 20080930140746.0
008 - FIXED-LENGTH DATA ELEMENTS--GENERAL INFORMATION
fixed length control field 080930t xxu||||| |||| 00| 0 eng d
010 ## - LCCN (DPL NO)
LC control number ENG-91102
020 ## - INTERNATIONAL STANDARD BOOK NUMBER
International Standard Book Number 9788184500813
Terms of availability 3600.00
035 ## - SYSTEM CONTROL NUMBER
System control number EN-74635
037 ## - SOURCE OF ACQUISITION
Source of stock number/acquisition DBAD / PUB
040 ## - CATALOGING SOURCE
Original cataloging agency dpl
Language of cataloging English
082 ## - DEWEY DECIMAL CLASSIFICATION NUMBER
Classification number 330.030954
245 ## - TITLE STATEMENT
Title Encyclopaedia of Indian economy:
Remainder of title essay in Honour of Dr. Ram Bihari Singh /
Statement of responsibility, etc edited by P.N.Singh, J.K. Singh [and] Kumar Ratnesh; foreword by Jagannath Mishra
260 ## - PUBLICATION, DISTRIBUTION, ETC. (IMPRINT)
Place of publication, distribution, etc New Delhi
Name of publisher, distributor, etc Deep & Deep Publications
Date of publication, distribution, etc 2008
300 ## - PHYSICAL DESCRIPTION
Extent xxviii, 885p.
Dimensions 25 cm (Hb)
500 ## - GENERAL NOTE
General note Includes index
651 ## - SUBJECT ADDED ENTRY--GEOGRAPHIC NAME
Geographic name India
General subdivision Economic conditions
700 ## - ADDED ENTRY--PERSONAL NAME
Personal name Singh, P.N.
700 ## - ADDED ENTRY--PERSONAL NAME
Personal name Singh, J.K.
700 ## - ADDED ENTRY--PERSONAL NAME
Personal name Ratnesh Kumar
942 ## - ADDED ENTRY ELEMENTS (KOHA)
Source of classification or shelving scheme Dewey Decimal Classification
Item type English Books
Call number suffix ENC
Classification part 330.030954
Holdings
Withdrawn status Lost status Source of classification or shelving scheme Damaged status Not for loan Collection code Home library Current library Date acquired Source of acquisition Cost, normal purchase price Total Checkouts Full call number Barcode Date last seen Copy number Cost, replacement price Koha item type
    Dewey Decimal Classification   Not For Loan Non-fiction D.B.Act.Division D.B.Act.Division 30/09/2008 DBAD / PUB 3600.00   330.030954 ENC EN-74635 30/09/2008 1 3600.00 English Books

© Delhi Public Library
Hit Counter
free hit counter